| 000 | 01881nam a2200565 i 4500 | ||
|---|---|---|---|
| 001 | 5756 | ||
| 003 | KOSZ 005 | ||
| 005 | 20200515145908.0 | ||
| 008 | 200515s1993 pl a f 001 0 pol | ||
| 015 | _aUWD 1994/509 | ||
| 020 | _a8370850391 | ||
| 035 | _a991000352159705066 | ||
| 035 | _a(PL-WaBN)b10137208-48omnis_nlop | ||
| 035 | _ab10137208 | ||
| 035 | _a(OCoLC)749304267 | ||
| 035 | _a(PL)b0000001013720 | ||
| 035 | _a(EXLNZ-48OMNIS_NETWORK)9910403294305606 | ||
| 040 |
_aWA N _cWA N _dKOSZ 005/AR |
||
| 046 | _k1993 | ||
| 080 | _a573 | ||
| 080 | _a574 | ||
| 080 | _a502 | ||
| 080 | _a504 | ||
| 080 | _a502/504 | ||
| 080 | _a(075.8) | ||
| 100 | 1 |
_aPawlaczyk-Szpilowa, Maria _d(1923-2005) _eAutor |
|
| 245 | 1 | 0 |
_aBiologia i ekologia / _cMaria Pawlaczyk-Szpilowa ; Politechnika Wrocławska. |
| 260 |
_aWrocław : _bWydawnictwo Politechniki Wrocławskiej, _c1993. |
||
| 300 |
_a185 stron : _bilustracje ; _c24 cm. |
||
| 336 |
_aTekst _btxt _2rdacontent |
||
| 337 |
_aBez urządzenia pośredniczącego _bn _2rdamedia |
||
| 338 |
_aWolumin _bnc _2rdacarrier |
||
| 380 | _aKsiążki | ||
| 380 | _aPublikacje dydaktyczne | ||
| 388 | _a1901-2000 | ||
| 388 | _a1989-2000 | ||
| 504 | _aIndeks. | ||
| 521 | _aWydawnictwo dydaktyczne dla kierunku Inżynieria sanitarna semestr III i IV i Bioinżynieria semestr I i II. | ||
| 650 | 7 |
_aBiologia _2DBN |
|
| 650 | 7 |
_aEkologia _2DBN |
|
| 650 | 7 |
_aOchrona środowiska _2DBN |
|
| 655 | 7 |
_aPodręczniki akademickie _2DBN |
|
| 658 | _aBiologia | ||
| 658 | _aOchrona środowiska | ||
| 710 | _aPolitechnika Wrocławska | ||
| 710 |
_4pbl _aWydawnictwo Politechniki Wrocławskiej |
||
| 856 |
_uhttp://koha.tu.koszalin.pl/cgi-bin/koha/opac-detail.pl?biblionumber=5756 _yKatalog online BPK |
||
| 942 |
_2UKD _cKS |
||
| 999 |
_c5756 _d5756 |
||